000 01150cam a2200205 4500
001 ABS65242
008 020326n2002 000 0 eng u
035 _a(Sirsi) u117241
100 _aBell, C.
245 _aWhat would it be worth if...?
260 _c2002
490 _aEstates Gazette
_v(0209) 2 March 2002, 212-213(2)
520 _aThe system of compulsory purchase and compensation is being looked at in order to make the system fairer, simpler and quicker. Currently compensation is assessed by the Pointe Gourde rule where the scheme is assumed not to exist. However, the recent case involving Fletcher Estates (Harlescott) Ltd, has introduced a new approach, which relies on the cancellation of the scheme at the relevant date and the reconstruction of a no-acquisition world for the value for compensation.
590 _aABS
650 _aFLETCHER ESTATES (HARLESCOTT) LTD V SOS ENVIRONMENT
650 _aPOINTE GOURDE QUARRYING AND TRANSPORT CO LTD V CROWN LANDS SUPERINTENDENT
650 _aVALUATIONS
690 _aENVIRONMENTAL AND LAND CONSULTANCY-PLANNING AND DEVELOPMENT-COMPULSORY PURCHASE AND COMPENSATION
942 _n0
999 _c69840
_d69840